Modes of Bio-Bordering (Record no. 11151)

MARC details
000 -LEADER
fixed length control field 00820nam a2200121Ia 4500
008 - FIXED-LENGTH DATA ELEMENTS--GENERAL INFORMATION
fixed length control field 220615s9999||||xx |||||||||||||| ||und||
100 ## - MAIN ENTRY--PERSONAL NAME
Personal name Amelung, Nina||Granja, Rafaela||Machado, Helena
245 #0 - TITLE STATEMENT
Title Modes of Bio-Bordering
Remainder of title The Hidden (Dis)integration of Europe
546 ## - LANGUAGE NOTE
Language note English[eng]
650 ## - SUBJECT ADDED ENTRY--TOPICAL TERM
Topical term or geographic name entry element Science and Technology Studies||Criminology and Criminal Justice, general||Criminology||bioborders||border studies||DNA technologies||crime control||forensic genetics||Open Access||Sociology||Crime & criminology
856 ## - ELECTRONIC LOCATION AND ACCESS
Uniform Resource Identifier <a href="https://library.oapen.org/bitstream/20.500.12657/42929/1/2021_Book_ModesOfBio-Bordering.pdf||https://library.oapen.org/bitstream/20.500.12657/42929/1/2021_Book_ModesOfBio-Bordering.pdf||https://library.oapen.org/bitstream/20.500.12657/42929/1/2021_Book_ModesOfBio-Bordering.pdf">https://library.oapen.org/bitstream/20.500.12657/42929/1/2021_Book_ModesOfBio-Bordering.pdf||https://library.oapen.org/bitstream/20.500.12657/42929/1/2021_Book_ModesOfBio-Bordering.pdf||https://library.oapen.org/bitstream/20.500.12657/42929/1/2021_Book_ModesOfBio-Bordering.pdf</a>
942 ## - ADDED ENTRY ELEMENTS (KOHA)
Koha item type E-Books
Holdings
Withdrawn status Lost status Damaged status Not for loan Home library Current library Date acquired Total Checkouts Date last seen Price effective from Koha item type
        Kerala University of Digital Sciences, Innovation and Technology Knowledge Centre Kerala University of Digital Sciences, Innovation and Technology Knowledge Centre 15/06/2022   15/06/2022 15/06/2022 E-Books